Engineering thermodynamics/ (Record no. 9438)

MARC details
000 -LEADER
fixed length control field 00552nac a22001811u 4500
020 ## - INTERNATIONAL STANDARD BOOK NUMBER
International Standard Book Number 8120317440
082 00 - DEWEY DECIMAL CLASSIFICATION NUMBER
Classification number 621.4021
Item number ACH
090 ## - LOCALLY ASSIGNED LC-TYPE CALL NUMBER (OCLC); LOCAL CALL NUMBER (OCLC)
-- 9438
-- 9438
100 ## - MAIN ENTRY--PERSONAL NAME
Personal name Achuthan M.
245 10 - TITLE STATEMENT
Title Engineering thermodynamics/
Statement of responsibility, etc M. Achuthan
260 ## - PUBLICATION, DISTRIBUTION, ETC. (IMPRINT)
Place of publication, distribution, etc New Delhi:
Name of publisher, distributor, etc Printice Hall,2002
Date of publication, distribution, etc 2002
300 ## - PHYSICAL DESCRIPTION
Extent 472 p.;
Dimensions 24 cm.
500 ## - GENERAL NOTE
General note distributer: Al-Ahram
504 ## - BIBLIOGRAPHY, ETC. NOTE
Bibliography, etc Includes bibliographical references.
511 ## - PARTICIPANT OR PERFORMER NOTE
Participant or performer note catalogued by: wessam
650 #0 - SUBJECT ADDED ENTRY--TOPICAL TERM
Topical term or geographic name as entry element Thermodynamics.
942 ## - ADDED ENTRY ELEMENTS (KOHA)
Item type Book - Borrowing
Call number prefix 621.4021ACH
Holdings
Withdrawn status Item status Damaged status Not for loan Home library Current library Shelving location Date acquired Source of acquisition Total Checkouts Full call number Barcode Date last seen Koha item type
        Central Library Central Library First floor 08/05/2012 Purchase   621.4021ACH 000011353 15/07/2025 Book - Borrowing